Avances y perspectivas del conocimiento de las camélidas sudamericanas

সংরক্ষণ করুন:
গ্রন্থ-পঞ্জীর বিবরন
প্রধান লেখক: Fernánde, Boca, Saúl ed
বিন্যাস: গ্রন্থ
ভাষা:স্প্যানিশ
প্রকাশিত: Santiago. FAO. 1991.
বিষয়গুলি:
ট্যাগগুলো: ট্যাগ যুক্ত করুন
কোনো ট্যাগ নেই, প্রথমজন হিসাবে ট্যাগ করুন!

MARC

LEADER 00000nam a22000005a 4500
001 2148
003 CL-ChBUA
005 20120815102751.0
008 070301s1991 cl 000 0 spa
040 |a CL-ChBUA  |c CL-ChBUA 
082 0 0 |a 599.636 
090 |c 2148  |d 2148 
100 1 |a Fernánde, Boca, Saúl ed. 
245 1 0 |a Avances y perspectivas del conocimiento de las camélidas sudamericanas 
260 |b FAO.  |a Santiago.  |c 1991. 
300 |a 429 p.  |c 24 cm. 
650 4 |a CAMELIDOS. 
650 4 |a CAMELIDOS SUDAMERICANOS. 
942 |c LIB 
952 |0 0  |1 0  |4 0  |7 0  |9 3101  |a UNACH  |b UNACH  |c 500  |d 2007-03-05  |i 34.006.  |l 0  |o 599.636 / Av 946.  |p 4100  |r 2012-12-27 00:00:00  |u 3101  |w 2012-08-08  |y LIB  |k 599.636 / Av 946. 
999 |c 2148  |d 2148